Statistics for Presidents of Guatemala

Click here to take the quiz!

General Stats

  • This quiz has been taken 6 times
  • The average score is 14 of 52

Answer Stats

HintAnswer% Correct
1931 - 1944Jorge Ubico
83%
2020 - presentAlejandro Giammattei
67%
2015 - 2016Alejandro Maldonado
67%
1978 - 1982Fernando Romeo Lucas Garcia
67%
2016 - 2020Jimmy Morales
67%
2000 - 2004Alfonso Portillo
50%
1996 - 2000Alvaro Arzu
50%
2008 - 2012Alvaro Colom
50%
1982 - 1983Efrain Rios Montt
50%
1991 - 1993Jorge Serrano Elias
50%
1945 - 1951Juan Jose Arevalo
50%
1974 - 1978Kjell Eugenio Laugerud Garcia
50%
1898 - 1920Manuel Estrada Cabrera
50%
2004 - 2008Oscar Berger
50%
1983 - 1986Oscar Humberto Mejia Victores
50%
2012 - 2015Otto Perez Molina
50%
1993 - 1996Ramiro de Leon Carpio
50%
1986 - 1991Vinicio Cerezo
50%
1970 - 1974Carlos Manuel Arana Osorio
33%
1963 - 1966Enrique Peralta Azurdia
33%
1951 - 1954Jacobo Arbenz
33%
1892 - 1898José María Reina Barrios
33%
1966 - 1970Julio Cesar Mendez Montenegro
33%
1873 - 1885Justo Rufino Barrios
33%
1871 - 1873Miguel García Granados
33%
1851 - 1865Rafael Carrera
33%
1844 - 1848Rafael Carrera
33%
1954 - 1957Carlos Castillo Armas
17%
1954 - 1954Carlos Enrique Díaz de León
17%
1993 - 1993Gustavo Adolfo Espina Salguero
17%
1921 - 1926José María Orellana
17%
1944 - 1944Juan Federico Ponce Valdes
17%
1842 - 1844Mariano Rivera Paz
17%
1839 - 1842Mariano Rivera Paz
17%
1958 - 1963Miguel Ydigoras Fuentes
17%
1885 - 1885Alejandro M. Sinibaldi
0%
1930 - 1930Baudilio Palma
0%
1920 - 1921Carlos Herrera
0%
1954 - 1954Elfego Hernán Monzón Aguirre
0%
1957 - 1958Guillermo Flores Avendano
0%
1848 - 1849José Bernardo Escobar
0%
1931 - 1931José María Reina Andrade
0%
1842 - 1842José Venancio López
0%
1848 - 1848Juan Antonio Martínez
0%
1926 - 1930Lázaro Chacón González
0%
1957 - 1957Luis Arturo Gonzalez Lopez
0%
1885 - 1892Manuel Barillas
0%
1930 - 1931Manuel María Orellana Contreras
0%
1849 - 1851Mariano Peredes
0%
1957 - 1957Oscar Mendoza Azurdia
0%
1865 - 1865Pedro de Aycinena y Piñol
0%
1865 - 1871Vicente Cerna Sandoval
0%

Score Distribution

Percentile by Number Answered

Percent of People with Each Score

Your Score History

You have not taken this quiz